[Event "Santiago de Compostela Bicapawn GP Rap"]
[Site "Santiago de Compostela"]
[Date "2022.10.22"]
[Round "1"]
[White "Piorun, Kacper"]
[Black "Quintas Fernandez, Paula"]
[Result "1-0"]
[WhiteElo "2611"]
[BlackElo "1593"]
[PlyCount "71"]
[EventDate "2022.10.22"]
[EventType "swiss (rapid)"]
[EventRounds "9"]
[EventCountry "ESP"]
[SourceTitle "CBM 210 Extra"]
[Source "ChessBase"]
[SourceDate "2022.11.30"]
[SourceVersion "1"]
[SourceVersionDate "2022.11.30"]
[SourceQuality "1"]

1. d4 d5 2. Nf3 Nf6 3. e3 e6 4. Bd3 Be7 5. b3 b6 6. Bb2 0-0 7. 0-0 Bb7 8. Qe2 c5 9. dxc5 bxc5 10. c4 Nc6 11. Nbd2 Qc7 12. Rac1 Nb4 13. Bb1 Rad8 14. Rfd1 Qb6 15. cxd5 exd5 16. Nf1 Nc6 17. Ng3 Bc8 18. Bxf6 Bxf6 19. Qc2 g6 20. Qxc5 Qxc5 21. Rxc5 Ne7 22. Nd4 a6 23. Nge2 Rfe8 24. b4 Bg4 25. f3 Bc8 26. Kf2 Bg7 27. Bd3 Bh6 28. Nf4 Kf8 29. Rdc1 Bb7 30. Rc7 Rb8 31. a3 Rec8 32. Nb3 Bg7 33. Na5 Rxc7 34. Rxc7 Bc8 35. Rxe7 Kxe7 36. Nc6+ 1-0

[Event "Galego-ch U14"]
[Site "Viveiro"]
[Date "2016.02.08"]
[Round "6.9"]
[White "Bayon Rolo, Miguel Angel"]
[Black "Quintas Fernandez, Paula"]
[Result "1-0"]
[WhiteElo "1382"]
[BlackElo "1316"]
[PlyCount "87"]
[EventDate "2016.02.06"]
[EventType "swiss"]
[EventRounds "8"]
[EventCountry "ESP"]
[SourceTitle "EXT 2024"]
[Source "ChessBase"]
[SourceDate "2023.10.10"]
[SourceVersion "1"]
[SourceVersionDate "2023.10.10"]
[SourceQuality "1"]

1. e4 e5 2. Nf3 Nc6 3. d4 exd4 4. Bc4 Be7 5. Nxd4 Nxd4 6. Qxd4 d6 7. Qxg7 Be6 8. Bxe6 fxe6 9. Qxh8 Kd7 10. Qxh7 e5 11. Bg5 Kc6 12. Bxe7 Nxe7 13. Nc3 d5 14. exd5+ Nxd5 15. Rd1 Qe7 16. Qxe7 Nxe7 17. 0-0 Re8 18. Rfe1 Ng6 19. Rd3 Nf4 20. Rde3 Nd5 21. Nxd5 Kxd5 22. h4 Kd6 23. f4 Rf8 24. fxe5+ Ke6 25. Rf3 Rh8 26. Rf6+ Ke7 27. g3 a5 28. Kh2 b6 29. Kh3 Kd7 30. Rf7+ Kd8 31. e6 c6 32. e7+ Ke8 33. Rf8+ Rxf8 34. exf8Q+ Kxf8 35. h5 Kg7 36. Kh4 Kh6 37. Re6+ Kh7 38. Kg5 Kg8 39. Kg6 Kf8 40. Kf6 Kg8 41. Re7 c5 42. Rb7 Kh8 43. Kg6 Kg8 44. Rb8# 1-0